000 01355nam a2200349 a 4500
001 ebr10040225
003 CaPaEBR
006 m u
007 cr cn|||||||||
008 920603s1993 nyua sb s000 0 eng
010 _z 92020562
020 _z0791414639 (CH : acid-free)
020 _z0791414647 (PB : acid-free)
040 _aCaPaEBR
_cCaPaEBR
035 _a(OCoLC)42855218
050 1 4 _aHQ782
_b.V35 1993eb
082 0 4 _a155.4/18
_220
245 0 0 _aParent-child play
_h[electronic resource] :
_bdescriptions and implications /
_cedited by Kevin MacDonald.
260 _aAlbany, N.Y. :
_bState University of New York Press,
_cc1993.
300 _avii, 389 p. :
_bill.
490 1 _aSUNY series, children's play in society
504 _aIncludes bibliographical references.
533 _aElectronic reproduction.
_bPalo Alto, Calif. :
_cebrary,
_d2013.
_nAvailable via World Wide Web.
_nAccess may be limited to ebrary affiliated libraries.
650 0 _aPlay.
650 0 _aChild development.
650 0 _aParent and child.
655 7 _aElectronic books.
_2local
700 1 _aMacDonald, Kevin B.
710 2 _aebrary, Inc.
830 0 _aSUNY series, children's play in society.
856 4 0 _uhttp://site.ebrary.com/lib/rucke/Doc?id=10040225
_zAn electronic book accessible through the World Wide Web; click to view
999 _c174337
_d174337